000 00328nam a22001457a 4500
003 OSt
005 20220223102930.0
008 220223b |||||||| |||| 00| 0 eng d
020 _a8174091106
040 _cH U
082 _a690
100 _aJha Dr. Janardan
_931250
245 _aBuilding Construction
942 _2ddc
_cBOOKS
_n0
999 _c31314
_d31314